| 000 | 00000nam 2200000za 4500 |
| 001 | 9.822175 |
| 003 | CaOODSP |
| 005 | 20221107143630 |
| 007 | cr ||||||||||| |
| 008 | 160808s1975 onc oz f000 0 fre d |
| 040 | |aCaOODSP|bfre |
| 041 | |aeng|afre |
| 043 | |an-cn--- |
| 086 | 1 |aE3-1974/36-PDF|zE3-1974/36 |
| 245 | 00|aTaxation |h[ressource électronique] : |bexchange of notes between Canada and the Republic of Korea (with supplemenatry exchange of notes) = Impôt : échange de notes entre le Canada et la République de Corée (avec échange de notes supplémentaires). |
| 246 | 31|aImpôt : |béchange de notes entre le Canada et la République de Corée (avec échange de notes supplémentaires) |
| 246 | 16|aÉchange de notes entre le gouvernement du Canada et le gouvernement de la République de Corée constituant un Accord tendant à éviter la double imposition des revenus provenant de l'exploitation de navires ou d'aéronefs |
| 260 | |aOttawa : |bQueen's Printer = Imprimeur de la Reine, |cc1975. |
| 300 | |a11 p. |
| 490 | 1 |aTreaty series = Recueil des traités ; |v1974, n° 36 |
| 500 | |a« Ottawa, le 15 novembre 1974. En vigueur le 15 novembre 1974. A compter du 1er janvier 1974. » |
| 530 | |aÉgalement publ. en version imprimée. |
| 546 | |aTexte en anglais et en français. |
| 692 | 07|2gccst|aIndustrie du transport aérien |
| 692 | 07|2gccst|aIndustrie du transport maritime |
| 692 | 07|2gccst|aImpôt sur le revenu |
| 692 | 07|2gccst|aAccord international |
| 710 | 1 |aCanada. |bMinistère des affaires extérieures. |
| 791 | |tTaxation |eeng|w(CaOODSP)9.822173 |
| 830 | #0|aTreaty series = Recueil des traités ;|v1974, n° 36|w(CaOODSP)9.813202 |
| 856 | 40|qPDF|s680 Ko|uhttps://publications.gc.ca/collections/collection_2016/amc-gac/E3-1974-36.pdf |